| 000 | 00502nam a22001817a 4500 | ||
|---|---|---|---|
| 999 |
_c168893 _d168893 |
||
| 005 | 20191030171902.0 | ||
| 010 | _aENG-126750 | ||
| 020 |
_a9788184305500 _c300.00 |
||
| 035 | _aEN-110282 | ||
| 037 | _bDBAD/PUB | ||
| 082 | _aN | ||
| 100 | _aRao, C.Rajshekhar | ||
| 245 |
_aMiddle aged teenagers / _cby C.Rajshekhar Rao |
||
| 260 |
_aNew Delhi _bOcean Books _c2018 |
||
| 270 |
_a4/19, Asaf Ali Road _bNew Delhi _e110002 _minfo@oceanbooks.in |
||
| 300 |
_a144p. _c22cm(Hb) |
||
| 942 |
_2ddc _cEN _hN _mRAO |
||